LEADER 01245nam a2200277 i 4500 001 000000245624 003 CaOOAMICUS 005 20151012000000.0 008 151012s1942 it u000 u ita u 013 $a224529 040 $aSeMil$bita 100 1 $aPiazza, Adeodato Giovanni,$c.$0(OLS)http://semarc/name/1108 245 10$aS. Giovanni dela Croce dottore mistico. L'uomo, la dottrina, l'influsso /$cCard. A. G. Piazza ... [et al.]. 260 $aFirenze :$bLibreria Editrice Fiorentina,$c1942. 300 $a341 p. ;$c20 cm. 490 0 $aVita cristiana ;$vN.19 500 $aFondo card. Giovanni Colombo. 600 04$aGiovanni : della Croce .$0(OLS)http://semarc/subject/7848 650 4$aSpiritualitą.$0(OLS)http://semarc/subject/5428 830 0$aVita cristiana ;$vN.19.$0(OLS)http://semarc/title/7522 850 $aSeMil 852 $aSeMil$W1$xVenegono$y1$m3GC VI 414$j195970$B195970$CSeMilBibl$Z2$F206695 $8B 941 1 $a3 961 $aLascito: Colombo Card. Giovanni 996 $6245$aS. Giovanni dela Croce dottore mistico. L'uomo, la dottrina, l'influsso$9(OLS)http://semarc/title/273153 996 $6260$aFirenze :$bLibreria Editrice Fiorentina$9(OLS)http://semarc/publisher/30629 LEADER 00852nam a2200217 i 4500 001 000000201569 003 CaOOAMICUS 005 20110502000000.0 008 110502s1852 it u000 u ita u 013 $a180271 040 $aSeMil$bita 100 1 $aCavara, Cesare.$0(OLS)http://semarc/name/72841 245 10$aPoesie popolari erotiche e morali /$cdi Cesare Cavara. 260 $a[Bologna] :$bSocietą tipografica bolognese,$c1852. 300 $a116 p., [1] carta di tav. :$bill. ;$c21 cm. 773 0 $t[Miscellanea.$w()24860 850 $aSeMil 852 $aSeMil$W1$xVenegono$y1$m5B II 11/6 FA$j152095$B152095$CSeMilBibl$Z2$F163271 $8I 961 $aRecupero: Altro 996 $6245$aPoesie popolari erotiche e morali$9(OLS)http://semarc/title/291702 996 $6260$a[Bologna] :$bSocietą tipografica bolognese$9(OLS)http://semarc/publisher/51625